000 00186nam a22000857a 4500
020 _a9789386794994
082 _aK423
245 _aWE DID IT - MY PHONICS - BOOK 3 B - EXTRA COPY
942 _cBK
999 _c6231
_d6231